000 00675nam a22002057a 4500
003 LK-CoMWRAF
005 20240120122130.0
008 240107b2001 |||||||| |||| 00| 0 eng d
040 _aLK-CoMWRAF
_dLK-CoMWRAF
_eLK-CoMWRAF
041 _aeng
082 _a305.23
_bSOU
110 _aSouth Asia Partnership International
245 _aCommercial sexual exploitation of children :
_b a review of south Asia - Sri Lanka perspective 2001
260 _aColombo:
_bSouth Asia Partnership International,
_c2001
300 _a81 p.: ill. ; 30 cm
650 _aChild prostitution -Sri Lanka
650 _aChild sexual abuse- Sri Lanka
700 _aFernando, Mihiri
942 _cBK
999 _c4602
_d4602